000 00604nam a2200181 a 4500
005 20140412111309.0
008 010418s19uu xx 00 eng d
020 _a0-89134-703-8
050 _aTR(GS 707
_bCl568 1996
245 _aClassroom art 1, grades K-3 :
_bhundreds of copyright-free illustrations-all ready to use!.
260 _aCincinnati, OH :
_bF & W Publications,
_c1996.
300 _a1 v. (unp.); col. ill.
440 _aNorth Light Clip & Scan art series
650 _aArt activities, grades K-3
650 _aPainting, grades K-3
650 _aDrawings, grades K-3
999 _c103856
_d103856